000 00556nam a2200181Ia 4500
008 100920s9999 xx 000 0 und d
082 _b85074
_a24 न 03
100 _aसिंह शमशेर बहादुर.
245 _aबात बोलगी.
260 _bसंभावना प्रकाशन, हापुड.
_c2003
300 _a119
_bसाधी
365 _b125
520 _aसायो.
630 _aबात बोलगी.
650 _aसायो.
730 _aबात बोलगी.
942 _cBOOK
999 _c725587
_d725584